Mega Man 7 - Statistics

General Stats
  • This quiz has been taken 71 times
  • The average score is 16 of 23
Answer Stats
Hint Answer % Correct
What robot becomes Mega Man's new rival? Bass
98%
Who is at home in a garbage dump? Junk Man
92%
Who floats above the heavens? Cloud Man
90%
Who has massive claws and a big mane of hair? Slash Man
90%
Who floats around in an exploding bubble? Burst Man
88%
Who is a flying vampire? Shade Man
88%
Who likes to jump a lot? Spring Man
88%
What robot dog is always seen with ^? Treble
88%
Who can turn into a racecar? Turbo Man
88%
Who likes to make his floor very slippery to walk on? Freeze Man
84%
What new friend runs a shop from which Mega Man purchases items? Auto
80%
What new technique allows Rush to sniff out items hidden in the ground? Rush Search
73%
What platform was Mega Man 7 originally released on? Super Nintendo Entertainment System/Super Famicom
65%
Which weapon forms a barrier of garbage around you that can be shot outward? Junk Shield
63%
What year was Mega Man 7 released? 1995
61%
Which weapon fires a ball of ice and then bursts outward? Freeze Cracker
57%
Which weapon allows you to cut with deadly efficiency? Slash Claw
55%
Which weapon can be bounced back and reabsorbed for a bigger shot? Noise Crush
49%
Which weapon sends a ring of fire spiraling forward? Scorch Wheel
47%
Which weapon sends sparks up and down the walls upon contact? Thunder Bolt
47%
What enhancement is a combination of the Power and Jet Adapters from Mega Man 6? Super Adapter
37%
Which weapon can be charged to send its projectiles bouncing higher? Wild Coil
37%
Which weapon envelops the enemy in a bubble and then explodes? Danger Wrap
35%
No matching quizzes found
Score Distribution
Percent of People with Each Score
Percentile by Number Answered
Your Score History
You have not taken this quiz